| 000 | 00417nam a22001817a 4500 | ||
|---|---|---|---|
| 003 | CEME | ||
| 005 | 20210628203410.0 | ||
| 008 | 210118b xxu||||| |||| 00| 0 eng d | ||
| 020 | _a0-471-38358-9 | ||
| 040 | _cceme | ||
| 082 | _a515 SAL | ||
| 100 |
_a Etgen, Salas Hille _965200 |
||
| 245 | _aCalculus one variable | ||
| 250 | _a19TH ED | ||
| 260 |
_aUSA _bWILEY _c2003 |
||
| 300 | _aXV,700P | ||
| 942 |
_cBK _2ddc |
||
| 999 |
_c573486 _d573486 |
||